Anniversaire - Statistiques

Statistiques générales
  • Ce quiz a été pris 32 fois
  • Le résultat moyen est 2 sur 14
Statistiques - réponses
Hint Réponse % Correct
Quels sont les ingrédients de la mousse au chocolat? oeufs chocolat à pâtisser sel
100%
Cite tous les pays se finissant par -stan Pakistan Ouzbékistan Tadjikistan Afghanistan Turkménistan Kazakhstan
45%
Quelle est la quantité d'huile nécessaire pour faire de la mayonnaise si je mets 5 oeufs? 50 cl
10%
Quels pays bordent le Burkina faso Mali Niger Nigéria Bénin Togo Ghana Côte d'ivoire
10%
A quel âge tes grands-parents se sont mariés? 21 ans
7%
Quel est la date de notre bowling ensemble? 9 février
3%
De quel anime fait partie le personnage Takumi Aldini? Food Wars
3%
Quel est le nom de l'arc de One Piece pour l'épisode 45 ainsi que pour les épisodes 48 à 53? Loguetown
3%
Que veux dire "Abaisser" dans le vocabulaire de la cuisine? Donner une pâte l'épaisseur souhaitée
0%
Dans quel groupe est ce même personnage? Groupe A
0%
Complète les paroles de cette chanson ("2 femmes qui aiment le même homme"):"Je ne l'ai aimé que de loin Je n'ai jamais connu de matin avec lui A-t-il continué de te voir? Quelquefois, je rêve encore à quelle autre vie ..." J'aurais eu avec lui
0%
Quel sont les autres prénoms de David? Jean-Claude Louis Ghislain
0%
Dans quel sélection Hayama Akira a-t-il été sélectionné? Sélection d'automne
0%
Qu'est-ce qu'un thermo à sondes? thermomètre électronique permettant de cuire avec perfection les pâtes de fruits et autres confiseries, de tempérer avec exactitude le chocolat
0%
Aucun quiz correspondant
Distribution des résultats
% des personnes avec chaque résultat
Percentile par nombre de réponses
Votre historique - résultats
Vous n’avez pas pris ce quiz